=LDR 00000nam 2200000 4500 =001 INLIS000000000032197 =005 20130612134221 =008 ***********************************ind** =035 ##$$0010-061300000032197 =041 ##$$a ind =082 ##$$a 496.531 =090 ##$$a R. 496.531, Kam k =245 ##$$a Kamus Baru indonesia - Jepang, Tim Kshiko =260 ##$$a 1999 $b Surabaya =300 ##$$a 457 hlm, 15 cm =650 ##$$a Kamus Bahasa Jepang =700 ##$$a Tim Kashiko =850 ##$$a NBPNMAT